Quick Pick: 2000s TV Shows Quiz Stats

 Plays Quiz Updated Jul 31, 2016

Challenge
Share
Tweet
Embed
Score 0/15 Timer 01:00
1 Play Today
% Correct
The Tudors
73.3%
The Office
68.5%
Smallville
67%
Parks and Recreation
64.3%
Arrested Development
62.4%
Grey's Anatomy
60.1%
Modern Family
55.3%
Two and a Half Men
53.7%
% Correct
Dexter
48.5%
House, M.D.
45.6%
Deadwood
37.4%
Royal Pains
36.9%
Weeds
31.7%
Cold Case
20.7%
Nurse Jackie
20.2%

Today's Daily Dose

You're not logged in!

Compare scores with friends on all Sporcle quizzes.
OR
Log In

You Might Also Like...

Show Comments

Extras

Top Quizzes Today


Score Distribution

Your Account Isn't Verified!

In order to create a playlist on Sporcle, you need to verify the email address you used during registration. Go to your Sporcle Settings to finish the process.

Report this User

Report this user for behavior that violates our Community Guidelines.

Details: